مفاهيم التربية الإجتماعية في الحديث النبوي الشريف ومدى ممارستها في المجتمع الأردني /
Saved in:
| 主要作者: | |
|---|---|
| 其他作者: | |
| 格式: | Thesis |
| 語言: | Arabic |
| 出版: |
Yarmuk :
Jami'at al-Yarmuk,
2005
|
| 主題: | |
| 標簽: |
添加標簽
沒有標簽, 成為第一個標記此記錄!
|
| LEADER | 020800000a22003610004500 | ||
|---|---|---|---|
| 008 | 140923s2005 jo f 000 0 ara d | ||
| 040 | |a UIAM |b eng | ||
| 041 | |a ara | ||
| 043 | |a a-jo--- | ||
| 050 | 0 | |a LC191.8.J6 | |
| 100 | 1 | |a عبيدات، فوزي سلطان محمود | |
| 242 | 1 | 0 | |a Mafahim al-tarbiyah al-ijtima'iyah fi al-hadith al-nabawi al-sharif wa mada mumarasatiha fi al-mujtama' al-Urduni |
| 245 | 1 | 0 | |a مفاهيم التربية الإجتماعية في الحديث النبوي الشريف ومدى ممارستها في المجتمع الأردني / |c إعداد، فوزي سلطان محمود عبيدات |
| 246 | 1 | 3 | |a Social educational concepts in al-Hadith al-Nabawi al-Sharif and the degree of its practice in the Jordanian society |
| 260 | 0 | |a Yarmuk : |b Jami'at al-Yarmuk, |c 2005 | |
| 300 | |a xiv, 325 leaves ; |c 30 cm. | ||
| 500 | |a "قدمت هذه الأطرؤحة إستكمالا لمتطلبات الحصول على درجة (دكتوراه فلسفة( تخصص أصول التربية في جامعة اليرموك اربد، الأردن" --On added title page. | ||
| 500 | |a Abstract in English and Arabic. | ||
| 502 | |a Thesis (Ph. D.)--Jami'at al-Yarmuk, 2005. | ||
| 504 | |a Includes bibliographical references (leaves 316-321). | ||
| 596 | |a 1 | ||
| 650 | 0 | |a Educational sociology |z Jordan | |
| 650 | 0 | |a Education |x Social aspects |z Jordan | |
| 650 | 0 | |a Educational sociology |x Religious aspects Islam | |
| 650 | 0 | |a Educational sociology |x Religious aspects Islam |z Jordan | |
| 655 | |a Theses, Facsimile edition (Islamic) | ||
| 700 | 1 | |a 'Ubaydat, Fawzi Sultan Mahmud | |
| 710 | 2 | |a Jami'at al-Yarmuk. |b Kulliyat al-Tarbiyah. Qism Usul al-Tarbiyah | |
| 710 | 2 | |a جامعة اليرموك. |b كلية التربية. قسم اصول التربية | |
| 900 | |a arf-nbm-sar-nbm | ||
| 999 | |c 435624 |c 435624 |d 467104 |d 467104 | ||
| 999 | |c 435624 |c 435624 |d 467104 |d 467104 | ||
| 952 | |0 0 |6 TI LC 000191.8 J6 U12M 2005 |7 0 |8 THESES |9 758355 |a IIUM |b IIUM |c MULTIMEDIA |g 365.00 |o ti LC 191.8 J6 U12M 2005 |p 00011275664 |r 2017-10-23 |t 1 |v 365.00 |y THESIS | ||
